Estatísticas para Personagens do The Walking Dead

Clique aqui para jogar o quiz

Estatísticas Gerais

  • Esse quiz foi jogado 103 vezes
  • A pontuação média é 15 de 32

Estatísticas das Respostas

Resposta% Correto
1Rick
99%
4Carl
94%
2Daryl
91%
7Michonne
83%
9Carol
81%
3Glenn
79%
6Negan
76%
5Maggie
71%
8Rosita
60%
23Shane
60%
29Governador
59%
14Lori
54%
18Abraham
53%
22Andrea
53%
26Judith
50%
13Eugene
41%
15Hershel
41%
12Gabriel
40%
21Sasha
39%
28Jesus
37%
24Morgan
37%
10Beth
36%
19Dale
33%
11Tara
33%
20Sophia
31%
16Merle
29%
32Aaron
19%
30Enid
17%
17Tyreese
16%
27Dwight
10%
31Spencer
9%
25Gregory
0%

Distribuição das Pontuações

Percentil de Números Respondidos

Porcentagem de Pessoas com Cada Pontuação

Sua Pontuação Histórica

Você não jogou esse quiz